Los forrajes en la alimentación de ovinos / (Record no. 166733)
[ view plain ]
| 000 -CABECERA | |
|---|---|
| campo de control de longitud fija | 00906nam a2200301Ia 4500 |
| 001 - NÚMERO DE CONTROL | |
| campo de control | Z_3651 |
| 003 - IDENTIFICADOR DEL NÚMERO DE CONTROL | |
| campo de control | CHAP |
| 008 - DATOS DE LONGITUD FIJA--INFORMACIÓN GENERAL | |
| campo de control de longitud fija | 220113s1982 xx 000 0 und d |
| 010 ## - NÚMERO DE CONTROL DE LA BIBLIOTECA DEL CONGRESO | |
| Número de control de LC | 166733 |
| 040 ## - FUENTE DE LA CATALOGACIÓN | |
| Centro/agencia transcriptor | CHAP |
| 082 ## - NÚMERO DE LA CLASIFICACIÓN DECIMAL DEWEY | |
| Número de clasificación | 636.3085 O73 |
| 100 ## - ENTRADA PRINCIPAL--NOMBRE DE PERSONA | |
| Nombre de persona | Orcasberro, Ruy |
| 9 (RLIN) | 83403 |
| 245 ## - MENCIÓN DE TÍTULO | |
| Título | Los forrajes en la alimentación de ovinos / |
| Mención de responsabilidad, etc. | Ruy Orcasberro y Salvador Fernández Rivera |
| 260 ## - PUBLICACIÓN, DISTRIBUCIÓN, ETC. | |
| Lugar de publicación, distribución, etc. | México : |
| Nombre del editor, distribuidor, etc. | UACh, Departamento de Zootecnia, |
| Fecha de publicación, distribución, etc. | 1982 |
| 300 ## - DESCRIPCIÓN FÍSICA | |
| Extensión | 96 p. |
| 503 ## - NOTA DE HISTORIA BIBLIOGRÁFICA (BK CF MU) [OBSOLETO] | |
| Nota de historia bibliográfica | ej.1- ej.6 \ ej.5: Perdido |
| 504 ## - NOTA DE BIBLIOGRAFÍA, ETC. | |
| Nota de bibliografía, etc. | Incluye bibliografía |
| 650 ## - PUNTO DE ACCESO ADICIONAL DE MATERIA--TÉRMINO DE MATERIA | |
| Término de materia o nombre geográfico como elemento de entrada | Forrajes |
| Subdivisión general | Valor nutritivo |
| 9 (RLIN) | 42601 |
| 650 ## - PUNTO DE ACCESO ADICIONAL DE MATERIA--TÉRMINO DE MATERIA | |
| Término de materia o nombre geográfico como elemento de entrada | Ganado lanar |
| Subdivisión general | Nutrición |
| 9 (RLIN) | 45205 |
| 700 ## - PUNTO DE ACCESO ADICIONAL--NOMBRE DE PERSONA | |
| Nombre de persona | Fernández Rivera, Salvador, coaut. |
| 9 (RLIN) | 140852 |
| 710 ## - PUNTO DE ACCESO ADICIONAL--NOMBRE DE ENTIDAD CORPORATIVA | |
| Nombre de entidad corporativa o nombre de jurisdicción como elemento de entrada | Universidad Autónoma Chapingo (Méxcio), Departamento de Zootecnia |
| 9 (RLIN) | 140853 |
| 901 ## - ELEMENTOS DE DATOS A LOCAL LDA (RLIN) | |
| a | 636.3085 O73 |
| 902 ## - ELEMENTOS DE DATOS B LOCAL, LDB (RLIN) | |
| a | M |
| 910 ## - DATOS DE OPCIÓN DEL USUARIO (OCLC) | |
| Datos de opción del usuario | 1982 |
| 942 ## - ELEMENTOS DE PUNTO DE ACCESO ADICIONAL (KOHA) | |
| Tipo de ítem Koha | Libro_ |
| 942 ## - ELEMENTOS DE PUNTO DE ACCESO ADICIONAL (KOHA) | |
| Tipo de ítem Koha | |
| Estado de retiro | Estado de pérdida | Fuente del sistema de clasificación o colocación | Estado dañado | No para préstamo | Código de colección | Localización permanente | Ubicación/localización actual | Ubicación en estantería | Fecha de adquisición | Código de barras | Fecha visto por última vez | Número de copia | Precio válido a partir de | Tipo de ítem Koha | Total de préstamos | Fecha del último préstamo |
|---|---|---|---|---|---|---|---|---|---|---|---|---|---|---|---|---|
| Dewey Decimal Classification | General | Zootecnia | Zootecnia | 09/11/2005 | z_4051 | 18/01/2022 | 1 | 18/01/2022 | Libro | |||||||
| Dewey Decimal Classification | General | Zootecnia | Zootecnia | 09/11/2005 | z_4052 | 18/01/2022 | 2 | 18/01/2022 | Libro | |||||||
| Dewey Decimal Classification | General | Zootecnia | Zootecnia | 09/11/2005 | z_4053 | 17/06/2025 | 3 | 18/01/2022 | Libro | 1 | 17/06/2025 | |||||
| Dewey Decimal Classification | General | Zootecnia | Zootecnia | 09/11/2005 | z_4054 | 18/01/2022 | 4 | 18/01/2022 | Libro | |||||||
| Dewey Decimal Classification | General | Zootecnia | Zootecnia | 09/11/2005 | z_4055 | 18/01/2022 | 5 | 18/01/2022 | Libro | |||||||
| Dewey Decimal Classification | General | Zootecnia | Zootecnia | 09/11/2005 | z_4056 | 18/01/2022 | 6 | 18/01/2022 | Libro |
